Album - KISS ALL THE TIME. DISCO, OCCASIONAL by Harry Styles - Statistics

General Stats
  • This quiz has been taken 56 times
  • The average score is 10 of 12
Answer Stats
Songs % Correct
1 Aperture
98%
9 Pop
92%
7 Season 2 Weight Loss
90%
12 Carla's Song
86%
3 Ready, Steady, Go !
84%
2 American Girls
82%
11 Paint By Numbers
82%
4 Are You Listening Yet ?
78%
8 Coming Up Roses
78%
5 Taste Back
76%
6 The Waiting Game
75%
10 Dance No More
73%
No matching quizzes found
Score Distribution
Percent of People with Each Score
Percentile by Number Answered
Your Score History
You have not taken this quiz